<?xml version="1.0" encoding="UTF-8"?>
<collection xmlns="http://www.loc.gov/MARC21/slim">
  <record>
    <leader>00000nam  2200000   4500</leader>
    <controlfield tag="001">INLIS000000000018672</controlfield>
    <controlfield tag="005">20241204010711</controlfield>
    <datafield tag="035" ind1="#" ind2="#">
      <subfield code="a">0010-1224000043</subfield>
    </datafield>
    <controlfield tag="007">ta</controlfield>
    <controlfield tag="008">241204###########################0######</controlfield>
    <datafield tag="245" ind1="#" ind2="#">
      <subfield code="a">PHARMACY ARCHIVE SYSTEM PASS :</subfield>
      <subfield code="b">Optimalisasi Pengarsipan Digital Menggunakan Quick Access Pada Prodi Farmasi USN Kolaka /</subfield>
      <subfield code="c">Muhammad Rahmat Madin, S.Farm., M.Farm</subfield>
    </datafield>
    <datafield tag="260" ind1="#" ind2="#">
      <subfield code="a">Makassar :</subfield>
      <subfield code="b">Puslatbang KMP RI LAN Makassar,</subfield>
      <subfield code="c">2024</subfield>
    </datafield>
    <datafield tag="300" ind1="#" ind2="#">
      <subfield code="a">42 ;</subfield>
      <subfield code="c">30</subfield>
    </datafield>
    <datafield tag="650" ind1="#" ind2="4">
      <subfield code="a">aplikasi digital dalam penyimpanan dan pengelolaan arsip Prodi Farmasi yaitu dengan memanfaatkan Google Drive.</subfield>
    </datafield>
    <datafield tag="700" ind1=" " ind2="#">
      <subfield code="a">Ns. Rosani Naim, S.Kep., M.Keo (Mentor)</subfield>
    </datafield>
    <datafield tag="700" ind1=" " ind2="#">
      <subfield code="a">Luthfina Thalitha EZ, SH (Coach)</subfield>
    </datafield>
    <datafield tag="520" ind1="#" ind2="#">
      <subfield code="a">Perkembangan teknologi saat ini telah mengarahkan berbagai pihak untuk memiliki kemampuan digitalisasi. Prodi Farmasi USN Kolaka pun memanfaatkan aplikasi digital dalam penyimpanan dan pengelolaan arsip Prodi Farmasi yaitu dengan memanfaatkan Google Drive. Namun, arsip digital Prodi Farmasi belum teroptimalisasi sehingga sumber daya manusia belum mampu memanfaatkannya dengan baik. Oleh karena itu, dilakukanlah pengembangan suatu sistem yang mempermudah pengaksesan dan pengelolaan arsip digital Prodi Farmasi yaitu "PASS (Pharmacy Archive System): Optimalisasi Pengarsipan Digital Menggunakan Quick Access pada Program Studi Farmasi USN Kolaka."&#13;
Gagasan PASS (Pharmacy Archive System) dapat diwujudkan melalui 4 kegiatan yaitu pengorganisasian folder-folder arsip digital Prodi Farmasi; membuat quick access arsip digital prodi yang disebut PASS (Pharmacy Archive System) menggunakan Spreadsheet, kode QR, dan Google Sites; uji coba PASS (Pharmacy Archive System); dan sosialisasi dan evaluasi penggunaan PASS (Pharmacy Archive System).&#13;
&#13;
Adanya gagasan di atas, membantu folder penyimpanan arsip digital Prodi Farmasi menjadi lebih terstruktur, serta lebih mudah dikelola dan diakses oleh dosen, tenaga kependidikan, dan mahasiswa Prodi Farmasi USN Kolaka.</subfield>
    </datafield>
    <datafield tag="856" ind1="#" ind2="#">
      <subfield code="a">PUSLATBANG KMP LAN RI Makassar</subfield>
    </datafield>
  </record>
</collection>
